000 00769cam a22002413a 4500
001 19357
003 PGUSA
005 20140828083417.0
008 060922s2006||||xxu|||||s|||||000 | eng d
040 _aPGUSA
_beng
042 _adc
050 4 _aPS
100 1 _aVictor, Frances Fuller,
_d1826-1902
245 1 4 _aThe New Penelope and other stories and Poems
_h[electronic resource] /
_cFrances Fuller Victor
260 _bProject Gutenberg,
_c2006
506 _aPublic domain in the USA.
516 _aElectronic text
653 _aNorthwest Coast of North America -- Social life and customs
653 _aPacific Coast (U.S.) -- Social life and customs
830 0 _aProject Gutenberg
_v19357
856 4 0 _uhttp://www.gutenberg.org/ebooks/19357
942 _cEB
999 _c248612
_d248612